Truyện Khun Tớng - Khun Tính : Truyện thơ. Truyện khuyết danh

Cuốn sách là một truyện thơ cổ xưa. Câu chuyện có nhiều tình tiết kỳ ảo, đâu đó còn có chi tiết hoang đường.

Đã lưu trong:
書目詳細資料
格式: 圖書
語言:Undetermined
出版: Hà Nội Sân khấu 2019
主題:
標簽: 添加標簽
沒有標簽, 成為第一個標記此記錄!
Thư viện lưu trữ: Trung tâm Học liệu Trường Đại học Cần Thơ
LEADER 00805nam a2200193Ia 4500
001 CTU_235523
008 210402s9999 xx 000 0 und d
082 |a 398.209597 
082 |b Tr527 
245 0 |a Truyện Khun Tớng - Khun Tính : 
245 0 |b Truyện thơ. Truyện khuyết danh 
245 0 |c Lò Bình Minh (sưu tầm và biên dịch) 
260 |a Hà Nội 
260 |b Sân khấu 
260 |c 2019 
520 |a Cuốn sách là một truyện thơ cổ xưa. Câu chuyện có nhiều tình tiết kỳ ảo, đâu đó còn có chi tiết hoang đường. 
650 |a Văn học dân gian, người Việt,Folk literature, Vietnamese 
910 |b dqhieu 
980 |a Trung tâm Học liệu Trường Đại học Cần Thơ